00457pab a2200145 454500008003600000100002600036245004700062650001600109650001700125650001600142773002200158909001000180999001700190952010400207180718b xxu||||| |||| 00| 0 eng d aMandal, kalyan Sankar aPani Panchayat: a model growth with equity a Irrigation a Maharashtra aAgriculture aFinancial Express a21614 c21614d21614 00104070aIIPAbIIPAd2018-07-19hIssue no: 15 May 92, p.p.7pAR21683r2018-07-19w2018-07-19yAR